Edexcel IGCSE Physics : (Record no. 109794)
[ view plain ]
| 000 -LEADER | |
|---|---|
| fixed length control field | 00671nam a2200253 a 4500 |
| 005 - DATE AND TIME OF LATEST TRANSACTION | |
| control field | 20140414093849.0 |
| 008 - FIXED-LENGTH DATA ELEMENTS--GENERAL INFORMATION | |
| fixed length control field | 110920s19uu xx 00 eng d |
| 020 ## - INTERNATIONAL STANDARD BOOK NUMBER | |
| International Standard Book Number | 978-0-435966-90-4 |
| 050 ## - LIBRARY OF CONGRESS CALL NUMBER | |
| Classification number | CD 530 |
| Item number | A752 2009 |
| 100 ## - MAIN ENTRY--PERSONAL NAME | |
| Personal name | Arnold, Brian |
| 245 ## - TITLE STATEMENT | |
| Title | Edexcel IGCSE Physics : |
| Remainder of title | ActiveBook CD-ROM / |
| Statement of responsibility, etc | Brian Arnold, Steve Woolley, Penny Johnson. |
| 260 ## - PUBLICATION, DISTRIBUTION, ETC. (IMPRINT) | |
| Place of publication, distribution, etc | England : |
| Name of publisher, distributor, etc | Pearson education Limited, |
| Date of publication, distribution, etc | 2009. |
| 650 ## - SUBJECT ADDED ENTRY--TOPICAL TERM | |
| Topical term or geographic name as entry element | Physics |
| 700 ## - ADDED ENTRY--PERSONAL NAME | |
| Personal name | Woolley, Steve |
| 700 ## - ADDED ENTRY--PERSONAL NAME | |
| Personal name | Johnson, Penny |
| 942 ## - ADDED ENTRY ELEMENTS (KOHA) | |
| Koha item type | Audio Visual Materials |
| Withdrawn status | Lost status | Damaged status | Home library | Current library | Shelving location | Date acquired | Total Checkouts | Full call number | Barcode | Date last seen | Price effective from | Koha item type |
|---|---|---|---|---|---|---|---|---|---|---|---|---|
| Luxembourg Library | Luxembourg Library | Audio Visual Material Section | 09/20/2011 | CD 530 A752 2009 | AV1466 | 04/14/2014 | 04/14/2014 | Audio Visual Materials | ||||
| Luxembourg Library | Luxembourg Library | Audio Visual Material Section | 09/20/2011 | CD 530 A752 2009 | AV1467 | 04/14/2014 | 04/14/2014 | Audio Visual Materials | ||||
| Luxembourg Library | Luxembourg Library | Audio Visual Material Section | 09/20/2011 | CD 530 A752 2009 | AV1468 | 04/14/2014 | 04/14/2014 | Audio Visual Materials | ||||
| Luxembourg Library | Luxembourg Library | Audio Visual Material Section | 05/07/2012 | CD 530 A752 2009 | AV1485 | 04/14/2014 | 04/14/2014 | Audio Visual Materials | ||||
| Luxembourg Library | Luxembourg Library | Audio Visual Material Section | 05/07/2012 | CD 530 A752 2009 | AV1487 | 04/14/2014 | 04/14/2014 | Audio Visual Materials |